Sports Quiz

Random Sports or Baseball Quiz

Top 10 Second Basemen Quiz Stats

 Plays Quiz not verified by Sporcle

Score 0/10 Timer 03:00
0 Plays Today
Primary Team(s) Player % Correct
AstrosCraig Biggio
98.1%
Reds/AstrosJoe Morgan
93.8%
CardinalsRogers Hornsby
92.9%
TwinsRod Carew
87.1%
TigersLou Whitaker
86.7%
TigersCharlie Gehringer
73.8%
Angels/OriolesBobby Grich
72.4%
Athletics/White SoxEddie Collins
67.6%
IndiansNap Lajoie
64.3%
Giants/CardinalsFrankie Frisch
52.9%

You're not logged in!

Compare scores with friends on all Sporcle quizzes.
OR
Log In

Sporcle TV

Today on Sporcle TV


Watch our educational content, quiz creation guides, and fun videos on Sporcle TV.

Show Comments

Extras

Top Quizzes Today


Score Distribution

Your Account Isn't Verified!

In order to create a playlist on Sporcle, you need to verify the email address you used during registration. Go to your Sporcle Settings to finish the process.

Report this User

Report this user for behavior that violates our Community Guidelines.

Details: